000 00777nam a22002177a 4500
005 20171116101553.0
010 _a1718CH-EN
020 _a9789351033721
_c295.00
035 _aB-671194-221
037 _adpl
_bBook Well
082 _aS
100 1 _aStilton, Geronimo.
245 1 4 _aHeromice :
_bmice to the rescue ! /
_cGeronimo Stilton ; [illustrations by Luca Usai ... et al.].
260 _aNew York :
_bScholastic
_c2016
270 _a557 Broadway
_bNew York
_eNY 10012
300 _a117p.:
_bcol. ill.,
_c20cm(pb)
490 _aHeromice-1
700 1 _aUsai,Luca
_eill.
942 _2ddc
_cCH
_hS
_mSTI
999 _c141312
_d141312